[Event "7th Vidmar Memorial"]
[Site "Portoroz YUG"]
[Date "1987.06.03"]
[Round "1"]
[White "Sokolov, Ivan"]
[Black "Mencinger, Vojko"]
[Result "1-0"]
[WhiteElo "2425"]
[BlackElo "2385"]
[EventDate "1987.06.03"]
[PlyCount "78"]

1.d4 Nf6 2.c4 c5 3.d5 b5 4.Nf3 Bb7 5.Nc3 b4 6.Na4 d6 7.e4 Nxe4 8.Bd3 Nf6 
9.O-O g6 10.Re1 Bg7 11.Qe2 Nbd7 12.a3 O-O 13.axb4 cxb4 14.Qxe7 Qxe7 15.
Rxe7 Rfe8 16.Rxe8+ Nxe8 17.Bd2 a5 18.Be3 Bf8 19.Nd2 Be7 20.f4 Bd8 21.Ne4 
Bc7 22.b3 f6 23.Kf2 Kf7 24.g4 Ng7 25.Bd4 Ne8 26.h4 Ng7 27.Ng3 Re8 28.h5 
Ra8 29.Be4 Rc8 30.Kf3 Ne8 31.Rh1 Kg7 32.g5 Bd8 33.hxg6 hxg6 34.f5 Ne5+ 35.
Bxe5 fxe5 36.f6+ Bxf6 37.gxf6+ Nxf6 38.Rg1 Rf8 39.Ke2 Ng4 1-0

[Event "7th Vidmar Memorial"]
[Site "Portoroz YUG"]
[Date "1987.06.03"]
[Round "1"]
[White "Jelen, Iztok"]
[Black "Psakhis, Lev"]
[Result "1/2-1/2"]
[WhiteElo "2430"]
[BlackElo "2575"]
[EventDate "1987.06.03"]
[PlyCount "83"]

1.d4 f5 2.g3 Nf6 3.Bg2 g6 4.c4 Bg7 5.Nf3 O-O 6.O-O d6 7.Nc3 Qe8 8.d5 Na6 
9.Rb1 c5 10.a3 h6 11.b4 g5 12.e3 Qh5 13.Re1 Ne4 14.Nb5 Bd7 15.Bb2 Bxb2 16.
Rxb2 Rfc8 17.Qe2 Nc7 18.Nxc7 Rxc7 19.Qd3 cxb4 20.Rxb4 Nc5 21.Qd4 Qf7 22.
Nd2 Qg7 23.Bf1 Rf8 24.Qxg7+ Kxg7 25.Rb2 Kf6 26.Nb3 Nxb3 27.Rxb3 b6 28.f4 
Rc5 29.Kf2 Rfc8 30.Kf3 b5 31.cxb5 Rxd5 32.Bd3 Rdc5 33.a4 Rc3 34.Reb1 e5 
35.Be2 Rc2 36.R3b2 Be8 37.g4 exf4 38.exf4 fxg4+ 39.Kxg4 R2c3 40.fxg5+ hxg5
41.Rf1+ Kg6 42.Rf3 1/2-1/2

[Event "7th Vidmar Memorial"]
[Site "Portoroz YUG"]
[Date "1987.06.03"]
[Round "1"]
[White "Grosar, Aljosa"]
[Black "Sifrer, Darko"]
[Result "1-0"]
[WhiteElo "2370"]
[BlackElo "2355"]
[EventDate "1987.06.03"]
[PlyCount "85"]

1.e4 c5 2.Nf3 e6 3.d4 cxd4 4.Nxd4 Nf6 5.Nc3 Nc6 6.Ndb5 d6 7.Bf4 e5 8.Bg5 
a6 9.Bxf6 gxf6 10.Na3 b5 11.Nd5 f5 12.exf5 Bxf5 13.c3 Bg7 14.Nc2 Be6 15.
Nce3 Ne7 16.a4 Nxd5 17.Nxd5 O-O 18.g3 Kh8 19.Bg2 bxa4 20.Rxa4 a5 21.O-O 
Rb8 22.b4 axb4 23.cxb4 f5 24.Qd2 Qd7 25.Ra6 Rfd8 26.Rc1 Qf7 27.Rc7 Rd7 28.
Raa7 Rxc7 29.Rxc7 Qf8 30.Ra7 e4 31.Nf4 Bg8 32.Bf1 d5 33.Nxd5 Bxd5 34.Qxd5 
Qxb4 35.Qxf5 Qd4 36.Rd7 Qb4 37.Qg4 Rg8 38.Kg2 Bf6 39.Qf4 Bg7 40.Bd3 Re8 
41.Qg4 Bf8 42.Qf5 Bg7 43.Bxe4 1-0

[Event "7th Vidmar Memorial"]
[Site "Portoroz YUG"]
[Date "1987.06.03"]
[Round "1"]
[White "Csom, Istvan"]
[Black "Polajzer, Danilo"]
[Result "1-0"]
[WhiteElo "2485"]
[BlackElo "2375"]
[EventDate "1987.06.03"]
[PlyCount "91"]

1.c4 c5 2.Nf3 Nf6 3.g3 d5 4.cxd5 Nxd5 5.Bg2 g6 6.Qc2 Na6 7.Ne5 Bg7 8.Qa4+ 
Kf8 9.Nf3 b5 10.Qd1 Nac7 11.O-O Ne6 12.d3 Bb7 13.Nbd2 h6 14.Nb3 Bf6 15.a4 
c4 16.dxc4 bxc4 17.Nbd4 Nxd4 18.Nxd4 Qb6 19.e3 e5 20.a5 Qa6 21.Nc2 Rd8 22.
Qe2 Kg7 23.e4 Nc7 24.Re1 Ne6 25.Bf1 Nd4 26.Nxd4 Rxd4 27.f3 Qc6 28.Be3 Rd3 
29.Qf2 Rxe3 30.Qxe3 Be7 31.Qc3 Bc5+ 32.Kg2 Bd4 33.Qxc4 Qxc4 34.Bxc4 Rc8 
35.Bd3 Bxb2 36.Rab1 Bc3 37.a6 Bc6 38.Rec1 Bd4 39.Rc2 Bd7 40.Rxc8 Bxc8 41.
Bc4 Bd7 42.Rb7 Be8 43.f4 exf4 44.gxf4 g5 45.f5 Kf6 46.Kf3 1-0

[Event "7th Vidmar Memorial"]
[Site "Portoroz YUG"]
[Date "1987.06.03"]
[Round "1"]
[White "Dizdar, Goran"]
[Black "Vera Gonzalez, Reynaldo"]
[Result "1/2-1/2"]
[WhiteElo "2505"]
[BlackElo "2470"]
[EventDate "1987.06.03"]
[PlyCount "47"]

1.Nf3 Nf6 2.g3 d5 3.Bg2 Bf5 4.c4 c6 5.cxd5 cxd5 6.Qb3 Qc8 7.O-O e6 8.d3 
Be7 9.Bf4 Nc6 10.Nc3 O-O 11.Rac1 Nd7 12.a3 a6 13.Rfd1 Bg4 14.Qa2 Qd8 15.b4
Rc8 16.h3 Bxf3 17.Bxf3 Bg5 18.Qd2 h6 19.Bxg5 hxg5 20.d4 Nb6 21.e4 Nc4 22.
Qa2 Nxd4 23.Bg2 dxe4 24.Nxe4 1/2-1/2

[Event "7th Vidmar Memorial"]
[Site "Portoroz YUG"]
[Date "1987.06.03"]
[Round "1"]
[White "Boensch, Uwe"]
[Black "Gostisa, Leon"]
[Result "1/2-1/2"]
[WhiteElo "2530"]
[BlackElo "2380"]
[EventDate "1987.06.03"]
[PlyCount "41"]

1.d4 Nf6 2.c4 e6 3.Nf3 b6 4.a3 Bb7 5.Nc3 d5 6.Bg5 Be7 7.Bxf6 Bxf6 8.cxd5 
exd5 9.e3 O-O 10.Bd3 c5 11.O-O Na6 12.Rc1 Nc7 13.Qc2 g6 14.dxc5 bxc5 15.
Rfd1 Qe7 16.Be2 Rac8 17.Qa4 a6 18.Qa5 Rfd8 19.Na4 Ne6 20.Nb6 Rb8 21.Na4 
1/2-1/2

[Event "7th Vidmar Memorial"]
[Site "Portoroz YUG"]
[Date "1987.06.03"]
[Round "1"]
[White "Xu Jun"]
[Black "Hulak, Krunoslav"]
[Result "1-0"]
[WhiteElo "2495"]
[BlackElo "2540"]
[EventDate "1987.06.03"]
[PlyCount "80"]

1.d4 Nf6 2.c4 e6 3.g3 c5 4.Nf3 cxd4 5.Nxd4 d5 6.Bg2 e5 7.Nf3 d4 8.O-O Nc6 
9.e3 Bc5 10.exd4 exd4 11.Re1+ Be6 12.Ng5 O-O 13.Nxe6 fxe6 14.Nd2 Qd6 15.
Ne4 Nxe4 16.Bxe4 h6 17.Qh5 Rf6 18.Bf4 Qf8 19.Rad1 Rd8 20.Rf1 Bb6 21.a3 a5 
22.Rd3 Rd7 23.Qb5 Ba7 24.Bxc6 bxc6 25.Qxc6 Rdf7 26.Qe4 Rxf4 27.gxf4 Rxf4 
28.Qxe6+ Kh7 29.f3 Bb8 30.Rf2 Qc5 31.Rg2 Qh5 32.Qe7 Be5 33.c5 Rh4 34.Rdd2 
Bf6 35.Rxg7+ Bxg7 36.Rg2 Qe5 37.Qxh4 Qe3+ 38.Qf2 Qc1+ 39.Qf1 Qxc5 40.Qd3+ 
Kh8 1-0

[Event "7th Vidmar Memorial"]
[Site "Portoroz YUG"]
[Date "1987.06.04"]
[Round "2"]
[White "Mencinger, Vojko"]
[Black "Hulak, Krunoslav"]
[Result "1/2-1/2"]
[WhiteElo "2385"]
[BlackElo "2540"]
[EventDate "1987.06.03"]
[PlyCount "80"]

1.e4 c5 2.Nf3 e6 3.b3 d6 4.Bb2 Nf6 5.e5 dxe5 6.Nxe5 Be7 7.Bb5+ Bd7 8.a4 
O-O 9.O-O a6 10.Be2 Nc6 11.Bf3 Nd5 12.Na3 Nxe5 13.Bxe5 Bc6 14.Nc4 b5 15.
axb5 axb5 16.Ne3 f6 17.Bb2 Rxa1 18.Bxa1 Qd7 19.Nxd5 Bxd5 20.Bxd5 Qxd5 21.
Qe2 c4 22.bxc4 bxc4 23.Bc3 Ra8 24.g3 Ra2 25.Re1 Kf7 26.d3 Bc5 27.dxc4 Qf5 
28.Rc1 h5 29.Be1 Ba3 30.Rd1 Rxc2 31.Rd2 Rc1 32.Rd1 Rxd1 33.Qxd1 Kg6 34.Qe2
Bc5 35.Kg2 e5 36.f3 Qe6 37.Qd3+ f5 38.Bf2 Bxf2 39.Kxf2 Qb6+ 40.Kf1 Kf6 
1/2-1/2

[Event "7th Vidmar Memorial"]
[Site "Portoroz YUG"]
[Date "1987.06.04"]
[Round "2"]
[White "Vera Gonzalez, Reynaldo"]
[Black "Boensch, Uwe"]
[Result "1-0"]
[WhiteElo "2470"]
[BlackElo "2530"]
[EventDate "1987.06.03"]
[PlyCount "77"]

1.d4 Nf6 2.Nf3 d5 3.c4 e6 4.Nc3 Be7 5.Qc2 c5 6.dxc5 d4 7.Nb5 Nc6 8.Bf4 O-O
9.O-O-O Bd7 10.Nbxd4 Qa5 11.a3 Nxd4 12.Nxd4 Qxc5 13.b4 Qc8 14.e4 a5 15.b5 
Qc5 16.e5 Nh5 17.Be3 Qxe5 18.a4 f5 19.Kb1 Qc7 20.Nb3 Nf6 21.f3 Be8 22.Bd3 
Rd8 23.Rhe1 Bb4 24.Bd2 Bf7 25.Bxb4 axb4 26.Bf1 Ra8 27.a5 Nd7 28.c5 e5 29.
Bc4 Rac8 30.Bxf7+ Rxf7 31.Qc4 h6 32.c6 bxc6 33.b6 Nxb6 34.axb6 Qxb6 35.Rd7
Rf8 36.Rxe5 Qg1+ 37.Nc1 Qxh2 38.Rxf7 Qxe5 39.Rxf5+ 1-0

[Event "7th Vidmar Memorial"]
[Site "Portoroz YUG"]
[Date "1987.06.04"]
[Round "2"]
[White "Polajzer, Danilo"]
[Black "Dizdar, Goran"]
[Result "0-1"]
[WhiteElo "2375"]
[BlackElo "2505"]
[EventDate "1987.06.03"]
[PlyCount "114"]

1.d4 Nf6 2.c4 e6 3.Nc3 Bb4 4.e3 O-O 5.Bd3 d5 6.Ne2 e5 7.cxd5 exd4 8.exd4 
Nxd5 9.O-O Nc6 10.Qc2 g6 11.a3 Be7 12.Bh6 Re8 13.Qb3 Nxc3 14.Qxc3 Bf6 15.
Bc4 Bg4 16.Nf4 Nxd4 17.Qg3 Ne2+ 18.Nxe2 Bxe2 19.Bxe2 Rxe2 20.Rad1 Qe7 21.
Qf3 c6 22.Rd7 Qe6 23.Rxb7 Rxb2 24.Rc7 Rc2 25.g3 Rc3 26.Qd1 Rxa3 27.Re1 Ra1
28.Qxa1 Bxa1 29.Rxe6 fxe6 30.Rxc6 a5 31.Bc1 a4 32.Ba3 e5 33.Kg2 Bd4 34.Rc4
Kf7 35.Kf3 Ke6 36.Ke4 Bxf2 37.Rc6+ Kd7 38.Rf6 Bd4 39.Rf7+ Kc6 40.Rxh7 Kb5 
41.Rg7 Kc4 42.Rb7 Kc3 43.h4 Kc2 44.Rb5 Rd8 45.Rb4 Ra8 46.Rb5 Ra6 47.Rb7 
Rc6 48.Rb4 Ra6 49.Rb7 Bc3 50.Rb5 Rf6 51.Bc5 Ra6 52.Ba3 Rf6 53.Bc5 Rf1 54.
Rb6 Re1+ 55.Kf3 Bd4 56.Rb5 e4+ 57.Kf4 Bb2 0-1

[Event "7th Vidmar Memorial"]
[Site "Portoroz YUG"]
[Date "1987.06.04"]
[Round "2"]
[White "Sifrer, Darko"]
[Black "Csom, Istvan"]
[Result "0-1"]
[WhiteElo "2355"]
[BlackElo "2485"]
[EventDate "1987.06.03"]
[PlyCount "83"]

1.d4 Nf6 2.c4 e6 3.g3 c5 4.Nf3 cxd4 5.Nxd4 a6 6.Bg2 Qc7 7.Qc2 Be7 8.O-O 
O-O 9.b3 d6 10.Rd1 Bd7 11.Qd2 Nc6 12.Ba3 Rfd8 13.Nc3 Nxd4 14.Qxd4 Bc6 15.
e4 b6 16.Bb2 Qb7 17.a4 Rac8 18.Rd2 h6 19.h3 Ne8 20.Rad1 Qb8 21.Qe3 Bf6 22.
Ne2 Bxb2 23.Rxb2 b5 24.cxb5 axb5 25.a5 b4 26.a6 e5 27.Rc2 Ba8 28.Rdc1 Rxc2
29.Rxc2 Nc7 30.Ra2 Ne6 31.g4 Rc8 32.Bf1 Rc6 33.Ra1 Qc8 34.Ng3 Rc3 35.Qb6 
Rxb3 36.Qxd6 Nd4 37.Nf5 Nxf5 38.exf5 Qc3 39.Qb8+ Kh7 40.Qxa8 Qxa1 41.Qd5 
Rb1 42.Qd3 0-1

[Event "7th Vidmar Memorial"]
[Site "Portoroz YUG"]
[Date "1987.06.04"]
[Round "2"]
[White "Psakhis, Lev"]
[Black "Grosar, Aljosa"]
[Result "1-0"]
[WhiteElo "2575"]
[BlackElo "2370"]
[EventDate "1987.06.03"]
[PlyCount "81"]

1.e4 e5 2.Nf3 Nc6 3.Bb5 f5 4.Nc3 fxe4 5.Nxe4 Nf6 6.Qe2 d5 7.Nxf6+ gxf6 8.
d4 Bg7 9.dxe5 O-O 10.e6 Ne5 11.Bf4 c6 12.Bd3 Nxd3+ 13.Qxd3 Bxe6 14.Nd4 Re8
15.O-O-O Qd7 16.h4 Rad8 17.h5 c5 18.Nxe6 Qxe6 19.h6 Bf8 20.Kb1 Qe4 21.Qg3+
Qg6 22.Qb3 Qf5 23.Bc1 Kh8 24.f3 b6 25.g4 Qe6 26.f4 d4 27.Qg3 Bd6 28.Rhe1 
Qf7 29.Qf3 Kg8 30.f5 Be5 31.g5 fxg5 32.Bxg5 Bf6 33.Qf4 Kh8 34.Re6 Bxg5 35.
Qxg5 Rc8 36.Rde1 Rg8 37.Qf4 Rg2 38.Qe5+ Kg8 39.Re7 Qc4 40.Re8+ Rxe8 41.
Qxe8# 1-0

[Event "7th Vidmar Memorial"]
[Site "Portoroz YUG"]
[Date "1987.06.04"]
[Round "2"]
[White "Sokolov, Ivan"]
[Black "Jelen, Iztok"]
[Result "1/2-1/2"]
[WhiteElo "2425"]
[BlackElo "2430"]
[EventDate "1987.06.03"]
[PlyCount "57"]

1.d4 d5 2.c4 e6 3.Nf3 c5 4.cxd5 exd5 5.g3 Nf6 6.Bg2 Nc6 7.O-O Be7 8.dxc5 
Bxc5 9.Qc2 Be7 10.Nc3 O-O 11.Rd1 Qa5 12.Bg5 Rd8 13.a3 d4 14.b4 Qf5 15.Qxf5
Bxf5 16.Nb5 d3 17.e3 h6 18.Bf4 Nd5 19.Ne1 Bf6 20.Ra2 Nxf4 21.gxf4 Be6 22.
Rad2 Bc4 23.Nc7 Rac8 24.Rc1 Bb3 25.Rxd3 Rxd3 26.Nxd3 Rxc7 27.b5 Ba4 28.
bxc6 Bxc6 29.Nb4 1/2-1/2

[Event "7th Vidmar Memorial"]
[Site "Portoroz YUG"]
[Date "1987.06.05"]
[Round "3"]
[White "Jelen, Iztok"]
[Black "Mencinger, Vojko"]
[Result "0-1"]
[WhiteElo "2430"]
[BlackElo "2385"]
[EventDate "1987.06.03"]
[PlyCount "80"]

1.d4 Nf6 2.c4 c5 3.d5 b5 4.Nf3 Bb7 5.Nfd2 bxc4 6.e4 e6 7.dxe6 dxe6 8.Nc3 
Nc6 9.Bxc4 Be7 10.O-O O-O 11.f4 Qd7 12.e5 Nd5 13.Nde4 Nd4 14.Bd3 Rad8 15.
Bb1 f5 16.exf6 gxf6 17.Qh5 Rf7 18.Nxd5 Bxd5 19.Nc3 Bb7 20.Be3 Rg7 21.Be4 
Bxe4 22.Nxe4 Qc6 23.Ng3 Nc2 24.Rae1 Nxe1 25.Rxe1 f5 26.Bf2 Rg6 27.Qe2 Qd5 
28.b3 Bf8 29.Be3 Bg7 30.Kh1 Bd4 31.Nf1 Bxe3 32.Nxe3 Qd2 33.Qf1 Qxa2 34.Rd1
Rd2 35.h3 h6 36.Qf3 Rxd1+ 37.Qxd1 Qf2 38.Qd8+ Kh7 39.Qe7+ Rg7 40.Qxe6 Qxf4
0-1

[Event "7th Vidmar Memorial"]
[Site "Portoroz YUG"]
[Date "1987.06.05"]
[Round "3"]
[White "Csom, Istvan"]
[Black "Psakhis, Lev"]
[Result "1/2-1/2"]
[WhiteElo "2485"]
[BlackElo "2575"]
[EventDate "1987.06.03"]
[PlyCount "72"]

1.c4 c5 2.g3 g6 3.Bg2 Bg7 4.Nc3 Nc6 5.e3 Nh6 6.Nge2 Nf5 7.d3 b6 8.b3 Bb7 
9.Bb2 O-O 10.O-O Rb8 11.Qd2 e6 12.Rad1 Re8 13.Qc1 Nb4 14.Bxb7 Rxb7 15.e4 
Nd4 16.Nxd4 Bxd4 17.Nb5 Bxb2 18.Qxb2 d6 19.d4 a6 20.Nc3 Nc6 21.dxc5 bxc5 
22.e5 Nxe5 23.Ne4 Nf3+ 24.Kg2 Nd4 25.Rxd4 cxd4 26.Qxd4 e5 27.Qd5 Rc7 28.
Nxd6 Re6 29.Rd1 Qe7 30.c5 e4 31.Re1 e3 32.Rxe3 Rxe3 33.fxe3 Qxe3 34.Qa8+ 
Kg7 35.Ne8+ Kh6 36.Nxc7 Qe2+ 1/2-1/2

[Event "7th Vidmar Memorial"]
[Site "Portoroz YUG"]
[Date "1987.06.05"]
[Round "3"]
[White "Dizdar, Goran"]
[Black "Sifrer, Darko"]
[Result "1-0"]
[WhiteElo "2505"]
[BlackElo "2355"]
[EventDate "1987.06.03"]
[PlyCount "59"]

1.d4 d5 2.c4 e6 3.Nc3 Be7 4.Nf3 Nf6 5.Bg5 h6 6.Bh4 O-O 7.Rc1 b6 8.cxd5 
exd5 9.e3 Bb7 10.Bd3 Nbd7 11.O-O Ne4 12.Bxe7 Qxe7 13.Nxe4 dxe4 14.Rxc7 Bc8
15.Bb5 Qd6 16.Qc2 exf3 17.Qc6 Qb4 18.Qxa8 Ba6 19.Qxf8+ Kxf8 20.Bxa6 Nc5 
21.a3 Qa4 22.Bc8 fxg2 23.Kxg2 Ne4 24.Bb7 Nd6 25.Bd5 Qb5 26.e4 Qe2 27.h3 
Qxb2 28.Rd7 Qxa3 29.e5 Nb5 30.Bc6 1-0

[Event "7th Vidmar Memorial"]
[Site "Portoroz YUG"]
[Date "1987.06.05"]
[Round "3"]
[White "Xu Jun"]
[Black "Vera Gonzalez, Reynaldo"]
[Result "1/2-1/2"]
[WhiteElo "2495"]
[BlackElo "2470"]
[EventDate "1987.06.03"]
[PlyCount "61"]

1.d4 d5 2.c4 c6 3.e3 Nf6 4.Nf3 e6 5.Bd3 Nbd7 6.Nbd2 c5 7.O-O Be7 8.cxd5 
exd5 9.b3 O-O 10.Bb2 cxd4 11.exd4 Ne8 12.Ne5 Nd6 13.Rc1 Nf6 14.Qc2 Be6 15.
Ndf3 Rc8 16.Qe2 Nfe4 17.Rxc8 Bxc8 18.Nd2 Nxd2 19.Qxd2 f6 20.Nf3 Bf5 21.Ba3
Bxd3 22.Qxd3 Ne4 23.Bxe7 Qxe7 24.Qb5 Rd8 25.Rc1 Qd7 26.Qa5 b6 27.Qa6 Nd6 
28.h3 Rc8 29.Rxc8+ Nxc8 30.Qd3 Ne7 31.Ne1 1/2-1/2

[Event "7th Vidmar Memorial"]
[Site "Portoroz YUG"]
[Date "1987.06.05"]
[Round "3"]
[White "Hulak, Krunoslav"]
[Black "Gostisa, Leon"]
[Result "1/2-1/2"]
[WhiteElo "2540"]
[BlackElo "2380"]
[EventDate "1987.06.03"]
[PlyCount "59"]

1.d4 Nf6 2.g3 e6 3.Bg2 c5 4.Nf3 Nc6 5.c4 cxd4 6.Nxd4 Qb6 7.Nb3 Ne5 8.Qc2 
Qc7 9.c5 d6 10.Na3 Bd7 11.Bf4 Rc8 12.Rc1 Ng6 13.Bxd6 Bxd6 14.cxd6 Qxd6 15.
Qd2 Rxc1+ 16.Qxc1 O-O 17.Qc5 Qb8 18.Qb4 b6 19.O-O Qe5 20.Nd4 Rc8 21.Rd1 h6
22.Nc4 Qc5 23.Qxc5 Rxc5 24.Ne3 Kf8 25.Kf1 Ne5 26.Nb3 Rc7 27.Ke1 Ke7 28.h3 
Ba4 29.Rc1 Rxc1+ 30.Nxc1 1/2-1/2

[Event "7th Vidmar Memorial"]
[Site "Portoroz YUG"]
[Date "1987.06.06"]
[Round "4"]
[White "Mencinger, Vojko"]
[Black "Gostisa, Leon"]
[Result "1-0"]
[WhiteElo "2385"]
[BlackElo "2380"]
[EventDate "1987.06.03"]
[PlyCount "81"]

1.e4 c5 2.Nf3 d6 3.d4 cxd4 4.Nxd4 Nf6 5.Nc3 a6 6.Be2 e6 7.f4 Be7 8.O-O Qc7
9.a4 O-O 10.Kh1 Nc6 11.Be3 Re8 12.Qd2 Rb8 13.Rad1 Bf8 14.Bf3 Bd7 15.Qf2 e5
16.fxe5 Nxe5 17.Bg5 Nfg4 18.Qg3 f6 19.Bc1 Kh8 20.Be2 Qd8 21.h3 Nh6 22.Bxh6
gxh6 23.Bh5 Re7 24.Rxf6 Rg7 25.Qf2 Be7 26.Ne6 Bxe6 27.Rxe6 Qg8 28.Rxh6 Rg5
29.Nd5 Qg7 30.Re6 Rf8 31.Qe2 Bd8 32.Rf1 Rg8 33.Re8 Qh6 34.Rxg8+ Rxg8 35.b4
Bh4 36.g4 Rf8 37.Rxf8+ Qxf8 38.Kg2 Kg7 39.Ne3 Kh8 40.Nf5 Bd8 41.Qd2 1-0

[Event "7th Vidmar Memorial"]
[Site "Portoroz YUG"]
[Date "1987.06.06"]
[Round "4"]
[White "Vera Gonzalez, Reynaldo"]
[Black "Hulak, Krunoslav"]
[Result "1/2-1/2"]
[WhiteElo "2470"]
[BlackElo "2540"]
[EventDate "1987.06.03"]
[PlyCount "30"]

1.d4 Nf6 2.Nf3 g6 3.c3 Bg7 4.Bf4 O-O 5.Nbd2 d5 6.e3 b6 7.Be2 Bb7 8.O-O 
Nbd7 9.Ne5 c5 10.b4 Nxe5 11.Bxe5 cxb4 12.cxb4 Qd7 13.a4 Rfc8 14.Bb5 Bc6 
15.Ba6 Bb7 1/2-1/2

[Event "7th Vidmar Memorial"]
[Site "Portoroz YUG"]
[Date "1987.06.06"]
[Round "4"]
[White "Polajzer, Danilo"]
[Black "Xu Jun"]
[Result "0-1"]
[WhiteElo "2375"]
[BlackElo "2495"]
[EventDate "1987.06.03"]
[PlyCount "65"]

1.d4 d5 2.c4 e6 3.Nc3 Nf6 4.cxd5 exd5 5.Bg5 Be7 6.e3 c6 7.Qc2 Nbd7 8.Bd3 
Nf8 9.Nf3 Ne6 10.Bh4 g6 11.h3 O-O 12.O-O-O Nh5 13.g4 Nhf4 14.exf4 Bxh4 15.
f5 Nf4 16.Bf1 gxf5 17.Kb1 Kh8 18.Qd2 Ng6 19.Bd3 Bf6 20.g5 Be7 21.h4 Rg8 
22.h5 Nf8 23.Rdg1 Bd6 24.g6 fxg6 25.hxg6 Rxg6 26.Rxg6 Nxg6 27.Ng5 Bf4 28.
Nf7+ Kg7 29.Qe2 Kxf7 30.Rxh7+ Kg8 31.Qh5 Qg5 32.Qh1 Be6 33.Rxb7 0-1

[Event "7th Vidmar Memorial"]
[Site "Portoroz YUG"]
[Date "1987.06.06"]
[Round "4"]
[White "Sifrer, Darko"]
[Black "Boensch, Uwe"]
[Result "0-1"]
[WhiteElo "2355"]
[BlackElo "2530"]
[EventDate "1987.06.03"]
[PlyCount "116"]

1.d4 Nf6 2.Nf3 d5 3.c4 e6 4.Nc3 Be7 5.Bg5 h6 6.Bxf6 Bxf6 7.e3 O-O 8.Rc1 a6
9.cxd5 exd5 10.Bd3 c6 11.h3 Nd7 12.O-O Re8 13.Re1 Nf8 14.b4 Be7 15.Qb3 Bd6
16.a4 Ne6 17.Nb1 Ng5 18.Nbd2 Ne4 19.Ra1 Qf6 20.b5 a5 21.Rec1 Bb4 22.bxc6 
bxc6 23.Rc2 Nc5 24.Bh7+ Kxh7 25.Rxc5 Bxc5 26.Qc2+ Qg6 27.Qxg6+ Kxg6 28.
dxc5 Rb8 29.Nd4 Bd7 30.N2b3 Ra8 31.Ra3 Reb8 32.Kf1 Rb4 33.Ke2 Ra6 34.Ra2 
Rc4 35.Kd2 Bf5 36.Ra1 Kf6 37.Ra2 Be4 38.f3 Bf5 39.g4 Bd7 40.h4 Kg6 41.Nc1 
f6 42.h5+ Kg5 43.Nd3 Ra7 44.Ra1 f5 45.Ne5 fxg4 46.f4+ Kf6 47.Nxc4 dxc4 48.
e4 g6 49.Rf1 gxh5 50.e5+ Kf7 51.f5 h4 52.Ke3 Rb7 53.Rh1 h3 54.Kf4 c3 55.
e6+ Kf6 56.Rd1 h5 57.Ne2 Rb4+ 58.Kg3 Be8 0-1

[Event "7th Vidmar Memorial"]
[Site "Portoroz YUG"]
[Date "1987.06.06"]
[Round "4"]
[White "Jelen, Iztok"]
[Black "Grosar, Aljosa"]
[Result "1/2-1/2"]
[WhiteElo "2430"]
[BlackElo "2370"]
[EventDate "1987.06.03"]
[PlyCount "30"]

1.d4 Nf6 2.c4 e6 3.Nc3 d5 4.Bg5 Be7 5.e3 O-O 6.Nf3 h6 7.Bh4 b6 8.Bd3 Bb7 
9.O-O Nbd7 10.Qe2 c5 11.Rfd1 Ne4 12.Bg3 Nxg3 13.hxg3 cxd4 14.Nxd4 Nf6 15.
Rac1 Bb4 1/2-1/2

[Event "7th Vidmar Memorial"]
[Site "Portoroz YUG"]
[Date "1987.06.08"]
[Round "5"]
[White "Grosar, Aljosa"]
[Black "Mencinger, Vojko"]
[Result "1/2-1/2"]
[WhiteElo "2370"]
[BlackElo "2385"]
[EventDate "1987.06.03"]
[PlyCount "36"]

1.e4 e6 2.d4 d5 3.e5 c5 4.c3 Nc6 5.Nf3 Nge7 6.a3 Nf5 7.b4 cxd4 8.cxd4 Qb6 
9.Bb2 Bd7 10.Be2 Be7 11.O-O Rc8 12.Qd3 Na5 13.Nbd2 Nc4 14.Nxc4 Rxc4 15.g4 
Nh4 16.Nxh4 Bxh4 17.Rac1 Rxc1 18.Rxc1 a6 1/2-1/2

[Event "7th Vidmar Memorial"]
[Site "Portoroz YUG"]
[Date "1987.06.08"]
[Round "5"]
[White "Csom, Istvan"]
[Black "Jelen, Iztok"]
[Result "1-0"]
[WhiteElo "2485"]
[BlackElo "2430"]
[EventDate "1987.06.03"]
[PlyCount "65"]

1.c4 e6 2.Nf3 d5 3.b3 Nf6 4.Bb2 Be7 5.cxd5 exd5 6.e3 O-O 7.Be2 c6 8.O-O 
Bg4 9.d3 Nbd7 10.Nbd2 Re8 11.Re1 a5 12.h3 Bh5 13.Bc3 Bd6 14.a3 Qe7 15.Qc1 
Ne5 16.Qb2 Bxf3 17.Nxf3 Nxf3+ 18.Bxf3 Be5 19.b4 Bxc3 20.Qxc3 axb4 21.axb4 
h6 22.Reb1 Nd7 23.d4 Qf8 24.b5 Rxa1 25.Rxa1 Ra8 26.Rc1 Nb8 27.bxc6 bxc6 
28.Qb3 Qe7 29.Bxd5 cxd5 30.Qxd5 Ra3 31.Rc8+ Kh7 32.Rxb8 Rxe3 33.Qf5+ 1-0

[Event "7th Vidmar Memorial"]
[Site "Portoroz YUG"]
[Date "1987.06.08"]
[Round "5"]
[White "Boensch, Uwe"]
[Black "Psakhis, Lev"]
[Result "1/2-1/2"]
[WhiteElo "2530"]
[BlackElo "2575"]
[EventDate "1987.06.03"]
[PlyCount "40"]

1.d4 e6 2.c4 Nf6 3.Nc3 Bb4 4.Qc2 O-O 5.Nf3 d6 6.Bg5 Nbd7 7.e3 h6 8.Bh4 b6 
9.Bd3 Bb7 10.Nd2 c5 11.O-O cxd4 12.exd4 Bxc3 13.Qxc3 Qc7 14.Rfc1 Nh5 15.
Be4 Bxe4 16.Nxe4 Nf4 17.Qd2 Ng6 18.Bg3 e5 19.dxe5 dxe5 20.Qd6 Qb7 1/2-1/2

[Event "7th Vidmar Memorial"]
[Site "Portoroz YUG"]
[Date "1987.06.08"]
[Round "5"]
[White "Hulak, Krunoslav"]
[Black "Polajzer, Danilo"]
[Result "1-0"]
[WhiteElo "2540"]
[BlackElo "2375"]
[EventDate "1987.06.03"]
[PlyCount "57"]

1.d4 d5 2.Nf3 Nf6 3.Bg5 e6 4.e3 Be7 5.Nbd2 Nbd7 6.Bd3 c5 7.c3 b6 8.O-O Bb7
9.Ne5 Nxe5 10.dxe5 Nd7 11.Bxe7 Qxe7 12.f4 f6 13.Qh5+ Qf7 14.Qe2 f5 15.a4 
a5 16.Nf3 h6 17.h3 Nb8 18.Bb5+ Nc6 19.Rfc1 O-O 20.Kh2 Nb8 21.Rg1 Ba6 22.g4
Bxb5 23.axb5 fxg4 24.Rxg4 Qf5 25.Rag1 Rf7 26.Rg6 Kh7 27.Nh4 Qe4 28.Qh5 
Raa7 29.Rxe6 1-0

[Event "7th Vidmar Memorial"]
[Site "Portoroz YUG"]
[Date "1987.06.08"]
[Round "5"]
[White "Gostisa, Leon"]
[Black "Vera Gonzalez, Reynaldo"]
[Result "1/2-1/2"]
[WhiteElo "2380"]
[BlackElo "2470"]
[EventDate "1987.06.03"]
[PlyCount "171"]

1.d4 d5 2.c4 e6 3.Nc3 c6 4.Nf3 Nf6 5.Bg5 dxc4 6.e4 b5 7.a4 Bb7 8.axb5 cxb5
9.Nxb5 Bxe4 10.Bxc4 Be7 11.Nc3 Bb7 12.Bb5+ Nfd7 13.Be3 O-O 14.O-O a6 15.
Be2 Nc6 16.d5 exd5 17.Nxd5 Bc5 18.Bg5 Ne7 19.Bc4 Nb6 20.Nxb6 Qxb6 21.Ne5 
Ng6 22.Nxg6 hxg6 23.Qg4 Rae8 24.b3 Re4 25.Qg3 Bd6 26.Qh3 Re5 27.Bf4 Rh5 
28.Qg3 Bxf4 29.Qxf4 Rf5 30.Qg3 Qf6 31.Qc7 Bxg2 32.Kxg2 Rg5+ 33.Qg3 Qc6+ 
34.Kg1 Rxg3+ 35.fxg3 g5 36.Rf2 Qc5 37.Kg2 Kh7 38.Ra4 a5 39.Rfa2 Qc6+ 40.
Kg1 Qc5+ 41.Kg2 Qc6+ 42.Kg1 Rd8 43.Rxa5 Rd1+ 44.Bf1 Qb6+ 45.Kg2 Qc6+ 46.
Kg1 Qb6+ 47.Kg2 Qb7+ 48.Kg1 Qxb3 49.Rf2 Qe3 50.Rf5 f6 51.Rf3 Qe6 52.Kg2 
Qe4 53.Kg1 Kg8 54.Rf5 Qe3 55.Rf3 Qe4 56.Rf5 Qd4 57.Kg2 Rb1 58.Kg1 Rb6 59.
Rf3 g6 60.h3 f5 61.Kh2 Kg7 62.Rc2 Qd1 63.Rcf2 Rb4 64.Bg2 Qd6 65.Bf1 Kf6 
66.Bg2 g4 67.Rf4 Rxf4 68.Rxf4 gxh3 69.Bxh3 Qd2+ 70.Kg1 Ke5 71.Kh1 Kd6 72.
Kg1 Qe2 73.Rd4+ Ke5 74.Rf4 Qd1+ 75.Kh2 Qe2+ 76.Kg1 Ke6 77.Rf1 Qh5 78.Kg2 
Qh7 79.Rf2 Ke5 80.Rf4 Qb7+ 81.Kg1 Qb1+ 82.Kh2 Qc2+ 83.Kg1 g5 84.Rxf5+ Qxf5
85.Bxf5 Kxf5 86.g4+ 1/2-1/2

[Event "7th Vidmar Memorial"]
[Site "Portoroz YUG"]
[Date "1987.06.09"]
[Round "6"]
[White "Mencinger, Vojko"]
[Black "Vera Gonzalez, Reynaldo"]
[Result "1/2-1/2"]
[WhiteElo "2385"]
[BlackElo "2470"]
[EventDate "1987.06.03"]
[PlyCount "82"]

1.e4 c5 2.Nf3 d6 3.d4 cxd4 4.Nxd4 Nf6 5.Nc3 Nc6 6.Be2 g6 7.O-O Bg7 8.Be3 
O-O 9.Qd2 Ng4 10.Bxg4 Bxg4 11.Nxc6 bxc6 12.Bh6 Bxh6 13.Qxh6 Rb8 14.Rab1 
Be6 15.Qe3 Qb6 16.Qxb6 axb6 17.a4 b5 18.axb5 cxb5 19.Ne2 Rfc8 20.Rfc1 Rc4 
21.f3 f5 22.b3 Rc5 23.Nf4 Kf7 24.Nd3 Rc3 25.Nb4 fxe4 26.fxe4 Re3 27.Re1 
Rxe1+ 28.Rxe1 Ra8 29.Kf2 Ke8 30.Ke3 Kd7 31.Rf1 Bg8 32.Kd3 Ke8 33.Kc3 Rc8+ 
34.Kb2 Rc5 35.Nd3 Rh5 36.h3 Rg5 37.Rf2 Be6 38.Kc3 h5 39.Kd4 Bc8 40.Re2 Rg3
41.e5 Kd7 1/2-1/2

[Event "7th Vidmar Memorial"]
[Site "Portoroz YUG"]
[Date "1987.06.09"]
[Round "6"]
[White "Sifrer, Darko"]
[Black "Hulak, Krunoslav"]
[Result "1/2-1/2"]
[WhiteElo "2355"]
[BlackElo "2540"]
[EventDate "1987.06.03"]
[PlyCount "127"]

1.Nf3 Nf6 2.c4 g6 3.Nc3 Bg7 4.e4 d6 5.d4 O-O 6.Be3 Bg4 7.Be2 Nfd7 8.O-O 
Nc6 9.Rc1 Bxf3 10.Bxf3 e5 11.Ne2 Qf6 12.Bg4 exd4 13.Nxd4 Nxd4 14.Bxd7 Rad8
15.Bg4 Rfe8 16.f3 Qe5 17.Kh1 Nc6 18.Qd2 a5 19.b3 Qb2 20.Rc2 Qa3 21.Qd1 a4 
22.Bc1 Qb4 23.Bd2 Qa3 24.Bc1 Qc5 25.Rd2 Qa7 26.Re2 Qb6 27.Bg5 Ra8 28.Bd7 
Rf8 29.Be3 Qb4 30.Bd2 Qc5 31.Be3 Qa5 32.Bd2 Bc3 33.Bxc6 bxc6 34.Bxc3 Qxc3 
35.Qc2 Qxc2 36.Rxc2 c5 37.Kg1 axb3 38.axb3 Ra3 39.Rb1 Rb8 40.Rcb2 Kg7 41.
Kf2 Kf6 42.Ke3 Ke5 43.g3 f5 44.exf5 gxf5 45.Kd3 Kf6 46.Ke3 Rb4 47.Kd3 c6 
48.Kc3 d5 49.cxd5 cxd5 50.Re1 d4+ 51.Kc2 Ra8 52.f4 Rab8 53.Re5 c4 54.Rd5 
Rxb3 55.Rxb3 cxb3+ 56.Kb2 Rb4 57.Re5 h5 58.Rd5 Ke6 59.Rd8 Ke7 60.Rd5 Kf6 
61.Rd6+ Kf7 62.Rd5 Ke6 63.Rd8 h4 64.gxh4 1/2-1/2